Fenntartható divat használt ruha vásárlás - trend vagy szükség?

Bibliographic Details
Main Author: Tóth Bianka Emese
Other Authors: Hübner Andrea Gabriella
Format: Students’ Scientific Association paper
Kulcsszavak:fenntarthatóság
fogyasztói motiváció
használt ruha vásárlás
közösségszervezés
növényi alapú étrend
Online Access:http://dolgozattar.uni-bge.hu/60493

MARC

LEADER 00000nta a2200000 i 4500
001 dolg60493
005 20260416073810.0
008 260416suuuu hu o 000 hun d
040 |a BGE Dolgozattár Repozitórium  |b hun 
041 |a hu 
100 1 |a Tóth Bianka Emese 
245 1 0 |a Fenntartható divat  |b használt ruha vásárlás - trend vagy szükség?  |c Tóth Bianka Emese  |h [elektronikus dokumentum] 
516 |a Students_Scientific_Association_paper 
520 3 |a Milyen társadalmi, gazdasági és életmódbeli tényezők befolyásolják a használtruha-vásárlás elterjedését és megítélését a magyar fogyasztók körében? Hogyan járul hozzá ez a jelenség a fenntartható divat és a közösségi kapcsolatok erősítéséhez?Dolgozatom célja, hogy feltárjam,hogymi motiválja a különböző generációk tagjait a használtruha vásárlásra. Van-e összefüggés a környezettudatossággal, az anyagi helyzettel vagy akár a speciális étkezési preferenciákkal?Hogyan válhat a használtruha vásárlás afastfashionalternatívájává a magyar társadalomban?Kutatásom kényelmi mintavétellel zajlott, így eredményei nem általánosíthatók. Az adatgyűjtés fő módszere egy online, nyilvánosan elérhető kérdőív volt, amelyet különböző internetes felületeken terjesztettek, így a minta heterogénésnem reprezentatív. Kiegészítésként egy interjú is készült a fenntartható divat egyik hazai képviselőjével, mely interjú hét fő kérdésből állt.A kutatás eredményei alapján a megkérdezettek többsége elsősorban a kedvező árak miatt választja a használtruha-vásárlást, ugyanakkor fontosnak tartják az egyedi kínálatot és a fenntarthatósági szempontokat is.A legtöbben évente átválogatjákruhatárukat, a feleslegessé vált darabokat pedig jellemzően eladományozzák, vagy online értékesítik. A közösségi események – például kávézóban rendezett ruhavásárok – hatékonyan ösztönözhetik a részvételt és a vásárlási kedvet. Az interjúalany kiemelte, hogy a ruhacserék közösségépítő szerepe jelentős, és Magyarországon a fogyasztók inkább anyagi szükségből,mintsemtrendkövetésbőlválasztják a használtruha-üzleteket. 
695 |a fenntarthatóság 
695 |a fogyasztói motiváció 
695 |a használt ruha vásárlás 
695 |a közösségszervezés 
695 |a növényi alapú étrend 
700 1 |a Hübner Andrea Gabriella  |e ths 
856 4 0 |u http://dolgozattar.uni-bge.hu/60493/1/TDK_2025_T%C3%B3th%20Bianka%20Emese.pdf  |z Dokumentum-elérés 
856 4 0 |u http://dolgozattar.uni-bge.hu/60493/2/TDK_2025_T%C3%B3th%20Bianka%20Emese%20%281%29.pdf  |z Dokumentum-elérés 
856 4 0 |u http://dolgozattar.uni-bge.hu/60493/3/TothB_biralati_lap_gyzs.pdf  |z Dokumentum-elérés 
856 4 0 |u http://dolgozattar.uni-bge.hu/60493/4/05_Dolgozat_biralati_lap_2025_HU%20T%C3%B3th%20Bianka.pdf  |z Dokumentum-elérés